Home Print Resources E-Books E-Journals IIMT Lecture Series Library Membership Form Book Recommendation Form Campus Tour Take AdmissionAbout Us Contact Us

SAFALTA KE SAAT SUTR- SADHAN (Record no. 55644)

000 -LEADER
fixed length control field nam a22 7a 4500
003 - CONTROL NUMBER IDENTIFIER
control field OSt
005 - DATE AND TIME OF LATEST TRANSACTION
control field 20220920162306.0
008 - FIXED-LENGTH DATA ELEMENTS--GENERAL INFORMATION
fixed length control field 220920b xxu||||| |||| 00| 0 eng d
040 ## - CATALOGING SOURCE
Transcribing agency IIMT UNIVERSITY, MEERUT
100 ## - MAIN ENTRY--PERSONAL NAME
Personal name ACHARYA, SHRI RAM
245 ## - TITLE STATEMENT
Title SAFALTA KE SAAT SUTR- SADHAN
260 ## - PUBLICATION, DISTRIBUTION, ETC.
Place of publication, distribution, etc. YUG NIRMAN YOGNA
Name of publisher, distributor, etc. MATHURA
Date of publication, distribution, etc. 2017
300 ## - PHYSICAL DESCRIPTION
Extent 56
942 ## - ADDED ENTRY ELEMENTS (KOHA)
Source of classification or shelving scheme
Koha item type Specimen
Holdings
Withdrawn status Lost status Source of classification or shelving scheme Damaged status Not for loan Home library Current library Date acquired Barcode Date last seen Price effective from Koha item type
          IIMT University Central Library Meerut IIMT University Central Library Meerut 09/20/2022 28-S-856 09/20/2022 09/20/2022 Specimen
IIMT, Central Library. All Rights Reserved IIMT,UNIVERSITY © 2023
Implemented and Customised by I CLOUDE EMS
You Are OPAC Visitor No
free web counter

Powered by Koha